000 00325nam a2200133Ia 4500
008 240624s9999 xx 000 0 und d
041 _aeng
082 _a658 BUF
100 _aBROWNLEE ADAM
245 _aBUILDING A SMALL BUSINESS THAT WARREN BU
260 _c2012
_aNew Jersey
_bWiley
300 _a194 : p.
365 _c
_b30
999 _c19197
_d19197